Courage at Work Your Path to Strong Leadership
Enregistré dans:
| Auteur principal: | |
|---|---|
| Format: | Livre |
| Langue: | anglais |
| Publié: |
New York
Routledge
2025
|
| Édition: | 1st Edition |
| Sujets: | |
| Tags: |
Pas de tags, Soyez le premier à ajouter un tag!
|
MARC
| LEADER | 00000nam a2200000 4500 | ||
|---|---|---|---|
| 001 | 0312646 | ||
| 005 | 20251030111928.8 | ||
| 020 | |a 9781003582724 | ||
| 041 | 0 | |a eng | |
| 044 | |a US | ||
| 245 | 1 | 0 | |a Courage at Work |b Your Path to Strong Leadership |c Florence Marie Guesnet |
| 250 | |a 1st Edition | ||
| 264 | 1 | |a New York |b Routledge |c 2025 | |
| 300 | |a 118 s. | ||
| 500 | |a Taylor and Francis e-books. | ||
| 610 | 2 | 0 | |a vodcovstvo |
| 610 | 2 | 0 | |a lídri |
| 610 | 2 | 0 | |a riadenie |
| 610 | 2 | 0 | |a manažment |
| 610 | 2 | 0 | |a koučovanie |
| 610 | 2 | 0 | |a práca tímová |
| 100 | 1 | |a Guesnet, Florence Marie | |